000 00365nam a22001577a 4500
020 _a978-93-85554-76-6
082 _a823
_bGEO/H
100 _aGEORGE, BEENA
245 _aHAPPY PRINCE
_bSHORT STORY
246 _aHAPPY PRINCE
_bSHORT STORY
260 _aTHRISSUR
_bH & C PUBLISHING
300 _a24
520 _aSHORT STORY
650 _aSHORT STORY
942 _cBK
999 _c2612
_d2612